Voľba meny fixácie pri pevných devízových režimoch bakalárska práca
Guardado en:
| Autor principal: | |
|---|---|
| Autor Corporativo: | |
| Otros Autores: | |
| Formato: | Libro |
| Lenguaje: | eslovaco |
| Publicado: |
Bratislava
2021
|
| Etiquetas: |
Sin Etiquetas, Sea el primero en etiquetar este registro!
|
MARC
| LEADER | 00000nbm a2200000 4500 | ||
|---|---|---|---|
| 001 | 0275131 | ||
| 005 | 20220110113832.3 | ||
| 041 | 0 | |a slo | |
| 044 | |a SK | ||
| 245 | 1 | 0 | |a Voľba meny fixácie pri pevných devízových režimoch |b bakalárska práca |c Michal Kokoľus ; školiteľ: Boris Fišera |
| 264 | 1 | |a Bratislava |c 2021 | |
| 300 | |a 60 s. | ||
| 100 | 1 | |a Kokoľus, Michal | |
| 700 | 1 | |a Fišera, Boris | |
| 710 | 2 | |a Národohospodárska fakulta EU. Katedra bankovníctva a medzinárodných financií | |